|
|
|
|
| LEADER |
01159nam a2200277 a 4500 |
| 001 |
14952 |
| 003 |
BD-DhAAL |
| 008 |
090413s1980 caua b 001 0 eng d |
| 999 |
|
|
|c 235
|d 235
|
| 010 |
|
|
|a \\\79016677
|
| 020 |
|
|
|a 0716710889
|
| 040 |
|
|
|a DLC
|c DLC
|d DLC
|d BD-DhAAL
|
| 082 |
0 |
0 |
|a 536.7
|2 22
|
| 100 |
1 |
|
|a Kittel, Charles.
|9 41505
|
| 245 |
1 |
0 |
|a Thermal physics /
|c Charles Kittel, Herbert Kroemer.
|
| 250 |
|
|
|a Second edition
|
| 260 |
|
|
|a San Francisco :
|b W. H. Freeman,
|c c1980.
|
| 300 |
|
|
|a xvii, 473 pages :
|b illustrations ;
|c 24 cm.
|
| 504 |
|
|
|a Includes bibliographical references (pages xv-xvii) and index.
|
| 541 |
1 |
|
|e 14952
|
| 650 |
|
0 |
|a Statistical thermodynamics.
|9 41506
|
| 700 |
1 |
|
|a Kroemer, Herbert,
|d 1928-
|e joint author.
|9 41507
|
| 852 |
4 |
|
|a Ayesha Abed Library
|j General Stacks
|
| 942 |
|
|
|2 ddc
|c BK
|
| 952 |
|
|
|0 0
|1 0
|2 ddc
|4 0
|6 536_700000000000000_KIT_1980
|7 0
|9 217
|a BRACUL
|b BRACUL
|c GEN
|d 2009-04-29
|l 7
|m 25
|o 536.7 KIT
|p 3010014952
|r 2022-06-07
|s 2022-05-29
|t 1
|w 2009-04-29
|y BK
|
| 952 |
|
|
|0 0
|1 0
|2 ddc
|4 0
|6 536_700000000000000_KIT_1980
|7 0
|9 12643
|a BRACUL
|b BRACUL
|c GEN
|d 2010-10-21
|l 12
|m 14
|o 536.7 KIT
|p 3010014951
|r 2026-01-16
|s 2025-12-17
|t 2
|w 2010-10-21
|y BK
|